Prog Rock 1970's - Statistics

General Stats
  • This quiz has been taken 204 times
  • The average score is 7 of 10
Answer Stats
Song/Year Answer % Correct
Shine On You Crazy Diamond (1975) Pink Floyd
91%
The Lamb Lies Down On Broadway (1974) Genesis
90%
21st Century Schizoid Man (1969) King Crimson
85%
Tubular Bells (1973) Mike Oldfield
75%
Fanfare For The Common Man (1977) Emerson Lake and Palmer
72%
Hocus Pocus (1971) Focus
71%
Wondrous Stories (1977) Yes
66%
The Witch's Promise (1970) Jethro Tull
49%
Easy Livin' (1972) Uriah Heep
34%
Killer (1970) Van der Graaf Generator
25%
No matching quizzes found
Score Distribution
Percent of People with Each Score
Percentile by Number Answered
Your Score History
You have not taken this quiz